Estudio e implementacion de un interfaz a 64 KBITS/S

সংরক্ষণ করুন:
গ্রন্থ-পঞ্জীর বিবরন
প্রধান লেখক: Greenwood Arroyo, John
অন্যান্য লেখক: Valverde Canossa, César
বিন্যাস: গ্রন্থ
প্রকাশিত: San José, Costa Rica 1992
বিষয়গুলি:
ট্যাগগুলো: ট্যাগ যুক্ত করুন
কোনো ট্যাগ নেই, প্রথমজন হিসাবে ট্যাগ করুন!

MARC

LEADER 00000nam a2200000Ia 4500
003 005386
005 20221231144324.0
008 140114s1992 cr a m 000 ||sp d
040 |c cru CEDI 
090 |a TFG 2567 
100 |a Greenwood Arroyo, John  |9 9396 
245 |a Estudio e implementacion de un interfaz a 64 KBITS/S 
260 |c 1992  |a San José, Costa Rica 
300 |a  ix, 74 hojas : ilustraciones ; 27 cm  
500 |a Proyecto de graduación (bachillerato en ingeniería eléctrica)--Universidad de Costa Rica. Facultad de Ingeniería. Escuela de Ingeniería Eléctrica 
650 |x CENTRALES TELEFONICAS   |x SISTEMAS DE TRANSMISION DE DATOS   |x REDES DE COMPUTADORAS   |x MICROCOMPUTADORAS  |9 12539 
700 |9 9465  |a Valverde Canossa, César 
942 |c TFG  |2 ddc 
999 |c 20147  |d 20147